000 00854nam a22002531u 4500
001 07012
003 HDC
007 cr bn ---
008 210126p2008 o d 00 engg
040 _aHDC
100 _aBucao, Sandy E.
_eauthor
_97509
245 0 _aHALAL LABORATORY PROTOCOLS & LABORATORY TESTING / by
_cSandy E. Bucao
260 _a[No Place] :
_b[publisher not identified],
_c2008
300 _a30 pages :
_billustrations
336 _atext
_2rdacontent
337 _acomputer
_2rdamedia
338 _aonline resource
_2rdacarrier
650 _aHalal laboratory
_97510
650 _alawful
_97511
856 _zRequest full-text at [email protected]
942 _2lcc
942 _cSLIDE
942 _kSLID 000236
999 _c4336
_d4336